[Event "Budapest Spring Festival 2019"]
[Site "Budapest"]
[Date "2019.04.10"]
[Round "2.21"]
[White "Bhambure, Shantanu"]
[Black "Asadli, Vugar"]
[Result "1/2-1/2"]
[WhiteElo "2261"]
[BlackElo "2454"]
[Annotator "TA"]
[PlyCount "69"]
[EventDate "2019.04.09"]
[EventType "swiss"]
[EventCountry "HUN"]
[SourceTitle "playchess.com"]
[Source "ChessBase"]
[SourceQuality "1"]

{[%evp 15,69,4,0,-14,-27,-27,0,-21,-13,-16,-14,-13,-27,-21,-29,-32,-13,-55,0,0,0,0,0,0,0,-3,0,0,0,0,432,-27,-22,-30,0,0,0,0,0,0,0,-109,-98,-106,-99,-150,0,0,0,0,354,-91,-97,-1585,-260,-29999]} 1. d4 Nf6 2. Nf3 g6 3. Nbd2 c5 4. dxc5 Bg7 5. e4 Qa5 6. c3 Qxc5 7. Bd3 d6 8. O-O O-O 9. Nb3 {B27: Sicilian: 2 Nf3, unusual Black 2nd moves} (9. h3 Nbd7 10. Qe2 Qc7 11. Nb3 a5 12. a4 Nc5 13. Nxc5 dxc5 14. Bc4 Nd7 15. Be3 Nb6 16. Bb5 Be6 {½-½ (48) Stojanovski,D (2430)-Ragger,M (2687) Skopje 2018}) 9... Qc7 10. Qe2 Nbd7 11. Be3 $146 {The position is equal.} ({Predecessor:} 11. h3 e5 12. Ne1 d5 13. exd5 Nxd5 14. Nc2 a5 15. Qf3 N7b6 16. c4 Nf4 17. Bxf4 exf4 {0-1 (32) Hollan,M (2218)-Blahynka,M (2398) Kouty nad Desnou 2016}) 11... b6 12. Nfd2 d5 13. f4 dxe4 14. Nxe4 Nd5 15. Bd2 Bb7 16. Rae1 e5 (16... e6 $15) 17. f5 $1 $11 Nf4 18. Bxf4 $1 exf4 19. Qg4 Be5 20. Nbd2 Rae8 21. Nf3 Bg7 {And now ...Bxe4 would win.} 22. Qh4 Nc5 $2 {[%mdl 8192]} (22... Bxe4 $11 23. Bxe4 Qc4) 23. Nxc5 $2 (23. fxg6 $18 {[%csl Gg6][%cal Rh4h7]} h5 24. Qxh5 fxg6 25. Nf6+ $1 {[%mdl 576] Discovered Attack, Decoy, Zwischenzug} Bxf6 26. Qxg6+ {[%mdl 64] Double Attack} Qg7 27. Rxe8 Qxg6 28. Rxf8+ Kxf8 29. Bxg6) 23... Qxc5+ 24. Kh1 Re3 (24... Bxf3 $5 25. Rxe8 Bxg2+ 26. Kxg2 Rxe8 27. Qxf4 Qd5+ 28. Rf3 Be5 $11) 25. Rxe3 Qxe3 26. fxg6 hxg6 27. Ng5 {[%csl Gg5][%cal Rh4h7]} Rd8 28. Bc4 (28. Be4 $1 $11 {was the only way to keep the balance.} Qe2 29. Qxf4 Bxe4 30. Nxe4) 28... Rd2 $17 {[%csl Gd2][%cal Rb7g2][%mdl 64] Double Attack} 29. Nf3 Bxf3 $1 $40 {[%mdl 128] White is in trouble.} ({Wrong is} 29... Rxb2 $2 30. Qd8+ Bf8 31. Qf6 $18) 30. gxf3 {[#]} ({Better is} 30. Rxf3 Rd1+ 31. Rf1 Rxf1+ 32. Bxf1) 30... Rxb2 (30... a6 $1 $17 {aiming for ...b5.} 31. a4 b5 32. axb5 axb5 33. Bxb5 Qc5) 31. Qd8+ $11 Bf8 {...b5 is the strong threat.} 32. Qf6 Bg7 $2 {[%mdl 8192] [#]} (32... Kh7 $1 $11 {and Black stays safe.} 33. Qxf7+ Bg7 34. Qg8+ Kh6) 33. Bxf7+ $2 ({Worse is} 33. Qxf7+ Kh7 $11) ({Only move:} 33. Qxg6 $1 $18 Qe7 34. Rg1) 33... Kf8 $17 34. Qxg6 $2 {[%mdl 8192]} (34. Qe6 $17) 34... Qe2 $2 (34... Qd2 {[%csl Gb2][%cal Rd2h2]} 35. Qg1 Kxf7) 35. Qf6 $2 {[%mdl 32768] Accuracy: White = 28%, Black = 50%. . An unexpected result.} (35. Qd6+ $19 Kxf7 36. Qd7+ Kf8 37. Qd6+ Qe7 38. Qxf4+ Bf6 39. Qh6+ Bg7 40. Qc6) 1/2-1/2

[Event "Budapest Spring Festival 2019"]
[Site "Budapest"]
[Date "2019.04.10"]
[Round "2.22"]
[White "Arjun Kalyan"]
[Black "Polyik, Peter"]
[Result "1-0"]
[WhiteElo "2445"]
[BlackElo "2303"]
[Annotator "TA"]
[PlyCount "83"]
[EventDate "2019.04.09"]
[EventType "swiss"]
[EventCountry "HUN"]
[SourceTitle "playchess.com"]
[Source "ChessBase"]
[SourceQuality "1"]

{[%evp 20,83,58,49,65,41,50,41,41,47,47,37,39,38,49,37,53,58,49,17,77,36,65,56,55,38,27,13,74,63,104,47,35,9,25,0,0,0,0,-8,0,0,19,0,0,0,0,0,15,0,230,230,281,222,511,497,707,115,116,124,587,572,1257,1207,2277,2068]} 1. e4 c5 2. Nf3 e6 3. d4 cxd4 4. Nxd4 a6 5. c4 Nf6 6. Nc3 Qc7 7. a3 b6 8. Be3 Bb7 9. f3 d6 10. Be2 Be7 11. O-O O-O {B41: Sicilian: Kan Variation: 5 c4} 12. Qd2 Nbd7 13. b4 Rac8 {White is slightly better.} 14. Rac1 Qb8 15. Kh1 Rfe8 (15... Ba8 16. Rfd1 Rfe8 17. Bg1 Ne5 18. Na4 Nfd7 19. f4 {1-0 (41) Abdusattorov,N (2539)-Akopian,V (2655) Abu Dhabi 2018}) 16. Rc2 Bd8 17. Na4 h5 18. Bf2 $146 ({Predecessor:} 18. Rb1 Ba8 19. Qc1 Ne5 20. b5 a5 21. Nc6 Nxc6 22. bxc6 Bxc6 23. Nxb6 Bxb6 24. Bxb6 {½-½ (59) Abreu Delgado,A (2473)-Arencibia Rodriguez,W (2549) Santa Clara 2007}) 18... h4 19. h3 Nh7 (19... Nh5 $11) 20. Re1 Nhf8 21. Bf1 Ng6 22. Nb2 Nf6 23. Nd3 Bc7 (23... Nh5 $11 {keeps the balance.}) 24. c5 $16 d5 {[%cal Rd5e4]} 25. cxb6 ({Better is} 25. c6 $16 Ba8 26. a4) 25... Bxb6 $14 {[%cal Rd5e4]} 26. e5 (26. Rxc8 {keeps more tension.} Rxc8 27. e5 Nd7 28. f4 Ne7 29. Nf3) 26... Rxc2 27. Nxc2 (27. Qxc2 {seems wilder.} Rc8 28. Qd2 Nd7 29. f4 Ne7 30. Nf3) 27... Bxf2 28. Qxf2 Nh5 29. Nd4 Rc8 30. Nc5 a5 31. Bb5 axb4 32. axb4 Ng3+ 33. Kg1 $1 Qa7 34. Qe3 Qa2 $2 (34... Qb6 $11) 35. Nxb7 $18 {[#] Hoping for Nd6.} Qb2 36. Nc6 Ra8 $2 (36... Rxc6 {keeps fighting.} 37. Bxc6 Qxb4) 37. Nba5 Rxa5 (37... Nf5 $142 38. Qc1 Qxc1 39. Rxc1 Nf4) 38. Nxa5 $2 (38. bxa5 $18 {and the rest is easy.} Qxb5 39. Qb6) 38... Qxb4 $16 39. Bd3 d4 $2 {[%mdl 8192]} (39... Qxa5 $16 40. Rc1 Qd8) 40. Nc6 $18 {[%mdl 64] Double Attack. White is clearly winning.} Qc3 41. Nxd4 Nf4 {[#]} 42. Bh7+ $1 {[%mdl 64] Discovered Attack. Accuracy: White = 35%, Black = 47%.} 1-0

[Event "Budapest Spring Festival 2019"]
[Site "Budapest"]
[Date "2019.04.10"]
[Round "2.23"]
[White "Suta, Andraz"]
[Black "Erenberg, Ariel"]
[Result "0-1"]
[WhiteElo "2205"]
[BlackElo "2437"]
[Annotator "NA"]
[PlyCount "116"]
[EventDate "2019.04.09"]
[EventType "swiss"]
[EventCountry "HUN"]
[SourceTitle "playchess.com"]
[Source "ChessBase"]
[SourceQuality "1"]
[TimeControl "40/5400+30:1800+30"]

1. e4 {[%emt 0:00:03]} e5 {[%emt 0:00:16]} 2. Nf3 {[%emt 0:00:09]} Nc6 {[%emt 0:00:05]} 3. Bb5 {[%emt 0:00:04]} a6 {[%emt 0:00:04]} 4. Ba4 {[%emt 0:00:14]} Nf6 {[%emt 0:00:12]} 5. O-O {[%emt 0:01:28]} Be7 {[%emt 0:00:14]} 6. Re1 {[%emt 0:01:29]} b5 {[%emt 0:00:08]} 7. Bb3 {[%emt 0:00:14]} d6 {[%emt 0:00:06]} 8. c3 {[%emt 0:00:29]} O-O {[%emt 0:00:09]} 9. h3 {[%emt 0:00:05]} Nb8 {[%emt 0:00:31]} 10. d4 {[%emt 0:03:52]} Nbd7 {[%emt 0:00:06]} 11. Nbd2 {[%emt 0:00:24]} Bb7 {[%emt 0:00:02]} 12. Bc2 {[%emt 0:00:11]} Re8 {[%emt 0:00:08]} 13. Nf1 {[%emt 0:00:48]} Bf8 {[%emt 0:00:08]} 14. Ng3 {[%emt 0:00:51]} g6 {[%emt 0:00:08]} 15. a4 {[%emt 0:11:22]} Nb6 {[%emt 0:00:02]} 16. b3 {[%emt 0:03:27]} bxa4 {[%emt 0:05:14]} 17. bxa4 {[%emt 0:00:06]} a5 {[%emt 0:00:16]} 18. Rb1 {[%emt 0:01:15]} Ba6 $11 {[%emt 0:05:26]} 19. Nh2 {[%emt 0:07:31]} Bg7 {[%emt 0:04:29]} 20. Qf3 {[%emt 0:03:48]} Qe7 {[%emt 0:12:42]} 21. Nhf1 {[%emt 0:03:37]} Nfd7 {[%emt 0:13:28]} 22. Rd1 {[%emt 0:03:44]} h5 {[%emt 0:01:58]} 23. Ne3 {[%emt 0:04:37]} Qf6 {[%emt 0:07:43]} 24. Qxf6 {[%emt 0:05:46]} Bxf6 {[%emt 0:00:52]} 25. Bb2 {[%emt 0:03:31]} Rab8 {[%emt 0:05:45]} 26. Ngf1 {[%emt 0:00:51]} Nc4 {[%emt 0:02:23]} 27. Bc1 {[%emt 0:02:55]} Rxb1 {[%emt 0:03:39]} 28. Bxb1 {[%emt 0:00:01]} Rb8 {[%emt 0:01:30]} 29. Ba2 {[%emt 0:03:11]} Nb2 {[%emt 0:07:20]} 30. Bxb2 {[%emt 0:03:16]} Rxb2 {[%emt 0:00:04]} 31. Bc4 {[%emt 0:00:10]} exd4 {[%emt 0:10:16]} 32. cxd4 {[%emt 0:08:41]} Bb7 {[%emt 0:00:18]} 33. d5 {[%emt 0:04:10]} Nc5 {[%emt 0:03:24]} 34. Bb5 {[%emt 0:00:48]} Nxe4 {[%emt 0:01:57]} 35. Nc4 {[%emt 0:01:05]} Ra2 {[%emt 0:01:14]} 36. Nxa5 {[%emt 0:00:13]} Nc3 {[%emt 0:00:27]} 37. Rd3 {[%emt 0:01:42]} Bxd5 {[%emt 0:01:06]} 38. Nc6 {[%emt 0:00:39]} Bxc6 {[%emt 0:05:20]} 39. Bxc6 {[%emt 0:00:01]} Ne2+ {[%emt 0:00:11]} 40. Kh2 {[%emt 0:00:00]} Nd4 {[%emt 0:00:00]} 41. Bd7 {[%emt 0:03:36]} Be5+ {[%emt 0:01:41]} 42. g3 {[%emt 0:00:28]} Rxf2+ {[%emt 0:00:27]} 43. Kg1 {[%emt 0:00:04]} Ra2 {[%emt 0:00:09]} 44. g4 {[%emt 0:02:05]} h4 {[%emt 0:01:17]} 45. Kh1 {[%emt 0:00:23]} Ra1 {[%emt 0:03:07]} 46. Kg2 {[%emt 0:00:10]} Ne2 {[%emt 0:00:10]} 47. Rf3 {[%emt 0:02:49]} Nf4+ {[%emt 0:00:37]} 48. Kh2 {[%emt 0:00:08]} c5 {[%emt 0:03:00]} 49. Ne3 {[%emt 0:00:43]} Nd3+ {[%emt 0:01:20]} 50. Kg2 {[%emt 0:00:20]} Ne1+ {[%emt 0:00:05]} 51. Kf2 {[%emt 0:00:06]} Nxf3 {[%emt 0:03:42]} 52. Kxf3 {[%emt 0:00:03]} Bd4 {[%emt 0:00:37]} 53. Nc2 {[%emt 0:00:47]} Ra2 {[%emt 0:00:57]} 54. Nxd4 {[%emt 0:00:09]} cxd4 {[%emt 0:00:01]} 55. Ke4 {[%emt 0:00:10]} Ra3 {[%emt 0:00:45]} 56. Kxd4 {[%emt 0:00:28]} Rxh3 {[%emt 0:00:02]} 57. Kc4 {[%emt 0:00:33]} Rh1 {[%emt 0:02:26]} 58. a5 {[%emt 0:00:46]} h3 {[%emt 0:00:11]} 0-1

[Event "Budapest Spring Festival 2019"]
[Site "Budapest"]
[Date "2019.04.10"]
[Round "2.24"]
[White "Raja Harshit"]
[Black "Abhilash, Reddy M.L."]
[Result "1-0"]
[WhiteElo "2432"]
[BlackElo "2252"]
[Annotator "NA"]
[PlyCount "85"]
[EventDate "2019.04.09"]
[EventType "swiss"]
[EventCountry "HUN"]
[SourceTitle "playchess.com"]
[Source "ChessBase"]
[SourceQuality "1"]
[TimeControl "40/5400+30:1800+30"]

1. e4 {[%emt 0:00:17]} d6 {[%emt 0:00:09]} 2. d4 {[%emt 0:00:23]} Nf6 {[%emt 0:00:08]} 3. Nc3 {[%emt 0:00:14]} e5 {[%emt 0:00:09]} 4. dxe5 {[%emt 0:00:41]} dxe5 {[%emt 0:00:03]} 5. Qxd8+ {[%emt 0:00:11]} Kxd8 {[%emt 0:00:02]} 6. Bc4 {[%emt 0:00:14]} Ke8 {[%emt 0:01:18]} 7. Nf3 {[%emt 0:01:12]} Bd6 {[%emt 0:00:23]} 8. Be3 {[%emt 0:00:33]} a6 {[%emt 0:00:31]} 9. O-O-O {[%emt 0:00:34]} h6 {[%emt 0:07:22]} 10. h3 {[%emt 0:04:23]} Nbd7 {[%emt 0:07:35]} 11. a4 {[%emt 0:09:35]} b6 $14 {[%emt 0:04:04]} 12. Rhe1 {[%emt 0:16:41]} Bb7 {[%emt 0:04:18]} 13. Bd5 {[%emt 0:04:27]} Rb8 {[%emt 0:05:19]} 14. Re2 {[%emt 0:05:28]} Kf8 {[%emt 0:12:32]} 15. Bxb7 {[%emt 0:04:47]} Rxb7 {[%emt 0:00:44]} 16. Nd2 {[%emt 0:01:40]} Ke7 {[%emt 0:28:35]} 17. Nc4 {[%emt 0:01:02]} Rc8 {[%emt 0:09:15]} 18. Red2 {[%emt 0:00:47]} Ne8 {[%emt 0:00:44]} 19. Nd5+ {[%emt 0:10:37]} Kf8 {[%emt 0:01:07]} 20. Kb1 {[%emt 0:02:44]} b5 {[%emt 0:11:38]} 21. Na5 {[%emt 0:01:27]} Rbb8 {[%emt 0:00:01]} 22. Nc6 {[%emt 0:00:29]} Ra8 {[%emt 0:00:10]} 23. axb5 {[%emt 0:03:44]} axb5 {[%emt 0:00:09]} 24. Na7 {[%emt 0:00:10]} Rcb8 {[%emt 0:04:33]} 25. Nxc7 {[%emt 0:00:08]} Nxc7 {[%emt 0:00:32]} 26. Rxd6 {[%emt 0:00:06]} Nf6 {[%emt 0:00:44]} 27. f3 {[%emt 0:00:38]} Kg8 {[%emt 0:00:00]} 28. Nc6 {[%emt 0:02:08]} Re8 {[%emt 0:00:00]} 29. Bxh6 Nh7 {[%emt 0:01:35]} 30. Be3 {[%emt 0:01:43]} Nf8 {[%emt 0:00:16]} 31. c3 {[%emt 0:01:56]} f6 {[%emt 0:00:17]} 32. Rd8 {[%emt 0:00:39]} Ng6 {[%emt 0:00:49]} 33. Rxa8 {[%emt 0:00:18]} Nxa8 {[%emt 0:00:30]} 34. Rd7 {[%emt 0:00:24]} Nh4 {[%emt 0:00:17]} 35. Ne7+ {[%emt 0:01:08]} Kh8 {[%emt 0:00:12]} 36. Nf5 {[%emt 0:01:26]} Nxg2 {[%emt 0:00:48]} 37. Nxg7 {[%emt 0:00:04]} Rg8 {[%emt 0:00:17]} 38. Nf5 {[%emt 0:00:11]} Nxe3 {[%emt 0:00:36]} 39. Nxe3 {[%emt 0:00:03]} Nb6 {[%emt 0:00:11]} 40. Rb7 {[%emt 0:00:00]} Nc4 {[%emt 0:00:00]} 41. Ng4 {[%emt 0:00:21]} Nd2+ {[%emt 0:01:15]} 42. Kc2 {[%emt 0:00:13]} Nxf3 {[%emt 0:00:11]} 43. Nxf6 {[%emt 0:00:05]} 1-0

[Event "Budapest Spring Festival 2019"]
[Site "Budapest"]
[Date "2019.04.10"]
[Round "2.25"]
[White "Nguyen, Piotr"]
[Black "Karacsonyi, Gellert"]
[Result "1-0"]
[WhiteElo "2427"]
[BlackElo "2279"]
[Annotator "NA"]
[PlyCount "79"]
[EventDate "2019.04.09"]
[EventType "swiss"]
[EventCountry "HUN"]
[SourceTitle "playchess.com"]
[Source "ChessBase"]
[SourceQuality "1"]
[TimeControl "40/5400+30:1800+30"]

1. e4 {[%emt 0:00:03]} c5 {[%emt 0:00:11]} 2. Nf3 {[%emt 0:00:11]} Nc6 {[%emt 0:00:09]} 3. d4 {[%emt 0:00:06]} cxd4 {[%emt 0:00:06]} 4. Nxd4 {[%emt 0:00:06]} g6 {[%emt 0:00:09]} 5. c4 {[%emt 0:00:25]} Nf6 {[%emt 0:00:09]} 6. Nc3 {[%emt 0:00:17]} d6 {[%emt 0:00:13]} 7. f3 {[%emt 0:01:21]} Nxd4 {[%emt 0:05:25]} 8. Qxd4 {[%emt 0:00:19]} Bg7 {[%emt 0:00:04]} 9. Be3 {[%emt 0:00:14]} O-O {[%emt 0:00:09]} 10. Qd2 {[%emt 0:00:03]} Qa5 {[%emt 0:00:55]} 11. Rc1 {[%emt 0:02:32]} Be6 {[%emt 0:08:17] LiveBook: 199 Games} 12. b3 {[%emt 0:00:16] B36: Sicilian: Maroczy Bind: Gurgenidze System} (12. Nd5 Qxa2 13. Nxe7+ Kh8 14. Bd4 Rae8 15. Qc3 Nh5 16. Bxg7+ Nxg7 17. b4 Qa4 18. b5 a5 19. Nd5 Bxd5 20. cxd5 f5 21. Ra1 Qb4 22. Qxb4 axb4 {1-0 (51) Carlsen,M (2832)-Guseinov,G (2645) chess.com INT 2017}) 12... Rfc8 {[%emt 0:00:38]} 13. g4 {[%emt 0:07:04]} a6 $146 {[%emt 0:03:05]} ({Predecessor:} 13... Rab8 14. Be2 a6 15. h4 b5 16. Nd5 Qxd2+ 17. Kxd2 Nxd5 18. cxd5 Bd7 19. g5 Bb2 20. Rc2 {½-½ (20) Almarza Mato,C (2199)-Gibbons,A (2113) ICCF email 2017}) 14. Na4 {[%emt 0:12:50]} Qxd2+ {[%emt 0:02:45]} 15. Kxd2 {[%emt 0:00:03]} Nd7 {[%emt 0:00:18]} 16. Rg1 {[%emt 0:09:29]} Rf8 {[%emt 0:06:17]} 17. Nc3 $11 {[%emt 0:24:08]} Kh8 {[%emt 0:08:41]} 18. Nd5 {[%emt 0:07:16]} Bxd5 {[%emt 0:01:40]} 19. cxd5 {[%emt 0:00:32]} Rac8 {[%emt 0:00:23]} 20. Bh3 {[%emt 0:02:09]} Bb2 {[%emt 0:11:40]} 21. Rxc8 {[%emt 0:03:39]} Rxc8 {[%emt 0:01:17]} 22. g5 {[%emt 0:00:26]} Rc7 {[%emt 0:04:57]} 23. Rb1 {[%emt 0:02:06]} Ba3 {[%emt 0:09:29]} 24. Bxd7 {[%emt 0:07:59]} Rxd7 {[%emt 0:00:31]} 25. b4 {[%emt 0:02:44]} Rc7 {[%emt 0:05:14]} 26. Bd4+ {[%emt 0:00:09]} Kg8 {[%emt 0:00:18]} 27. Bc3 {[%emt 0:00:05]} a5 {[%emt 0:00:17]} 28. bxa5 {[%emt 0:00:17]} Bc5 {[%emt 0:00:43]} 29. a4 {[%emt 0:07:21]} Ba7 {[%emt 0:04:26]} 30. f4 {[%emt 0:03:50]} e6 {[%emt 0:16:33]} 31. Kd3 {[%emt 0:02:26]} Kf8 {[%emt 0:07:19]} 32. Bb4 {[%emt 0:00:50]} Bc5 {[%emt 0:00:47]} 33. Rc1 {[%emt 0:02:16]} exd5 {[%emt 0:01:22]} 34. exd5 {[%emt 0:00:06]} Ke7 {[%emt 0:00:23]} 35. Bxc5 {[%emt 0:00:46]} dxc5 {[%emt 0:00:21]} 36. Kc4 {[%emt 0:00:23]} f6 {[%emt 0:02:11]} 37. Re1+ {[%emt 0:00:38]} Kf7 {[%emt 0:00:22]} 38. d6 {[%emt 0:01:33]} Rc6 {[%emt 0:00:45]} 39. Kd5 {[%emt 0:00:19]} fxg5 {[%emt 0:00:30]} 40. d7 {[%emt 0:00:00]} 1-0

[Event "Budapest Spring Festival 2019"]
[Site "Budapest"]
[Date "2019.04.10"]
[Round "2.26"]
[White "Navaratnam, Rohan Shan Tze"]
[Black "Srinath, Rao S.V."]
[Result "0-1"]
[WhiteElo "2068"]
[BlackElo "2416"]
[Annotator "NA"]
[PlyCount "56"]
[EventDate "2019.04.09"]
[EventType "swiss"]
[EventCountry "HUN"]
[SourceTitle "playchess.com"]
[Source "ChessBase"]
[SourceQuality "1"]
[TimeControl "40/5400+30:1800+30"]

1. e4 e6 {[%emt 0:01:01]} 2. d4 {[%emt 0:00:38]} d5 {[%emt 0:00:06]} 3. Nc3 {[%emt 0:00:09]} Nf6 {[%emt 0:00:05]} 4. Bg5 {[%emt 0:00:13]} Bb4 {[%emt 0:01:38]} 5. exd5 {[%emt 0:00:16]} Qxd5 {[%emt 0:01:11]} 6. Bxf6 {[%emt 0:00:17]} Bxc3+ {[%emt 0:00:04]} 7. bxc3 {[%emt 0:00:09]} gxf6 {[%emt 0:00:02]} 8. Nf3 {[%emt 0:00:21]} Nd7 {[%emt 0:00:19]} 9. g3 {[%emt 0:05:15]} b6 {[%emt 0:00:29]} 10. Bg2 {[%emt 0:04:25]} Ba6 {[%emt 0:00:34]} 11. Nh4 {[%emt 0:00:30]} Qa5 {[%emt 0:00:12]} 12. Qf3 {[%emt 0:06:37]} Rd8 {[%emt 0:07:38]} 13. Qe3 {[%emt 0:17:05]} c5 {[%emt 0:09:50]} 14. f4 {[%emt 0:03:10]} cxd4 {[%emt 0:08:37]} 15. Qxd4 {[%emt 0:00:13]} O-O {[%emt 0:00:46]} 16. Qb4 {[%emt 0:03:09]} Rc8 {[%emt 0:01:30]} 17. O-O-O {[%emt 0:08:07]} Rc7 {[%emt 0:06:10]} 18. Qxa5 {[%emt 0:02:16]} bxa5 {[%emt 0:01:54]} 19. f5 {[%emt 0:04:19]} Ne5 {[%emt 0:07:36]} 20. Rd6 {[%emt 0:06:06]} Bc8 {[%emt 0:01:15]} 21. Bh3 {[%emt 0:04:09]} Rxc3 {[%emt 0:02:29]} 22. fxe6 {[%emt 0:01:09]} fxe6 {[%emt 0:03:09]} 23. Bxe6+ {[%emt 0:00:54]} Bxe6 {[%emt 0:00:06]} 24. Rxe6 {[%emt 0:00:10]} Rfc8 {[%emt 0:00:16]} 25. Rxf6 {[%emt 0:01:24]} Rxc2+ {[%emt 0:00:05]} 26. Kb1 {[%emt 0:00:27]} Nd3 {[%emt 0:00:08]} 27. a4 {[%emt 0:03:09]} Rb2+ {[%emt 0:00:14]} 28. Ka1 {[%emt 0:00:02]} Rc3 {[%emt 0:00:12]} 0-1

[Event "Budapest Spring Festival 2019"]
[Site "Budapest"]
[Date "2019.04.10"]
[Round "2.27"]
[White "Jijo Joy"]
[Black "Taylor, Adam C"]
[Result "1/2-1/2"]
[WhiteElo "2018"]
[BlackElo "2398"]
[Annotator "NA"]
[PlyCount "86"]
[EventDate "2019.04.09"]
[EventType "swiss"]
[EventCountry "HUN"]
[SourceTitle "playchess.com"]
[Source "ChessBase"]
[SourceQuality "1"]
[TimeControl "40/5400+30:1800+30"]

1. e4 {[%emt 0:00:02]} e5 {[%emt 0:01:21]} 2. Nf3 {[%emt 0:00:18]} Nc6 {[%emt 0:00:07]} 3. Nc3 {[%emt 0:00:28]} Nf6 {[%emt 0:03:30]} 4. d4 {[%emt 0:01:02]} exd4 {[%emt 0:00:48]} 5. Nxd4 {[%emt 0:00:14]} Bb4 {[%emt 0:01:11]} 6. Nxc6 {[%emt 0:00:39]} bxc6 {[%emt 0:00:08]} 7. Bd3 {[%emt 0:00:16]} d5 {[%emt 0:03:36]} 8. exd5 {[%emt 0:01:00]} cxd5 {[%emt 0:00:12]} 9. O-O {[%emt 0:00:26] LiveBook: 2184 Games} O-O {[%emt 0:00:18]} 10. Bg5 $11 {[%emt 0:01:42]} Be6 {[%emt 0:01:51]} 11. Qf3 {[%emt 0:04:31]} Be7 {[%emt 0:01:23]} 12. h3 {[%emt 0:01:55]} h6 {[%emt 0:13:39]} 13. Bh4 {[%emt 0:02:08]} Rb8 {[%emt 0:07:57]} 14. b3 {[%emt 0:04:21]} Rb4 {[%emt 0:03:29]} 15. Bg3 {[%emt 0:00:38]} Bd6 {[%emt 0:00:41]} 16. Bxd6 {[%emt 0:07:56]} Qxd6 {[%emt 0:00:06]} 17. Ne2 {[%emt 0:05:13]} c5 {[%emt 0:11:43]} 18. Rad1 {[%emt 0:05:12]} Qe5 {[%emt 0:23:09]} 19. c3 {[%emt 0:12:17]} Rh4 {[%emt 0:01:53]} 20. Qg3 {[%emt 0:01:17]} Qg5 {[%emt 0:02:39]} 21. f4 {[%emt 0:11:46]} Qh5 {[%emt 0:00:21]} 22. Qe3 {[%emt 0:14:08]} d4 {[%emt 0:06:07]} 23. cxd4 {[%emt 0:03:50]} cxd4 {[%emt 0:04:43]} 24. Qe5 {[%emt 0:00:23]} Qxe5 {[%emt 0:00:54]} 25. fxe5 {[%emt 0:00:02]} Nd5 {[%emt 0:00:11]} 26. Rd2 {[%emt 0:04:57]} Rd8 {[%emt 0:01:51]} 27. Rf3 {[%emt 0:03:30]} Nb4 {[%emt 0:01:19]} 28. Bf5 {[%emt 0:05:05]} Bxf5 {[%emt 0:01:47]} 29. Rxf5 {[%emt 0:00:05]} Re4 {[%emt 0:01:00]} 30. Rf4 {[%emt 0:00:48]} Rxf4 {[%emt 0:00:52]} 31. Nxf4 {[%emt 0:00:04]} g5 {[%emt 0:03:15]} 32. Nd3 {[%emt 0:04:55]} Nxd3 {[%emt 0:00:03]} 33. Rxd3 {[%emt 0:00:04]} f6 {[%emt 0:00:02]} 34. exf6 {[%emt 0:01:35]} Kf7 {[%emt 0:00:01]} 35. Rf3 {[%emt 0:00:07]} Rc8 {[%emt 0:02:42]} 36. Rd3 {[%emt 0:00:08]} Rd8 {[%emt 0:00:16]} 37. Rf3 {[%emt 0:00:04]} d3 {[%emt 0:01:02]} 38. Rf1 {[%emt 0:00:04]} Rc8 {[%emt 0:00:03]} 39. Rd1 {[%emt 0:00:50]} Rc3 {[%emt 0:00:01]} 40. Rd2 {[%emt 0:00:00]} Rc2 {[%emt 0:00:00]} 41. Rxd3 {[%emt 0:01:25]} Rxa2 {[%emt 0:01:48]} 42. Rd6 {[%emt 0:02:49]} Ra3 {[%emt 0:04:28]} 43. b4 {[%emt 0:00:36]} Rb3 {[%emt 0:00:54]} 1/2-1/2

[Event "Budapest Spring Festival 2019"]
[Site "Budapest"]
[Date "2019.04.10"]
[Round "2.28"]
[White "Santos Latasa, Jaime"]
[Black "Pujari, Rucha"]
[Result "1-0"]
[WhiteElo "2585"]
[BlackElo "2205"]
[Annotator "TA"]
[PlyCount "97"]
[EventDate "2019.04.09"]
[EventType "swiss"]
[EventCountry "HUN"]
[SourceTitle "playchess.com"]
[Source "ChessBase"]
[SourceQuality "1"]

{[%evp 13,97,7,26,25,18,18,21,27,37,14,44,41,39,42,40,40,89,50,50,54,43,3,44,34,41,39,48,15,52,56,45,49,72,73,90,89,83,75,75,50,53,43,43,43,45,42,72,31,119,112,114,117,236,240,230,200,200,200,592,592,585,585,578,577,545,539,505,479,648,641,626,599,578,573,534,499,752,744,618,431,5161,5072,5110,5110,2300,1661]} 1. Nf3 d5 2. e3 Nf6 3. c4 e6 4. Nc3 Be7 5. b3 O-O 6. Bb2 c5 7. cxd5 exd5 8. d4 {A13: English Opening: 1...e6} Nc6 9. Be2 Ne4 (9... Bg4 10. dxc5 Bxc5 11. O-O a6 12. h3 Be6 13. Bd3 Qe7 14. a3 Rad8 15. Ne2 Ne4 16. b4 Bd6 17. Rc1 a5 18. b5 Nb8 19. Qa4 Nd7 {1-0 (48) Howell,D (2689)-Kazhgaleyev,M (2582) Batumi 2018}) 10. dxc5 {The position is equal.} Bf6 11. Nd4 Qa5 12. Rc1 Nxc5 13. Nxc6 bxc6 14. O-O Rb8 $146 ({Predecessor:} 14... Ne6 15. Qc2 Rb8 {½-½ (23) Morley,P (2171)-Walczak,P (2169) ICCF email 2006}) 15. Qc2 d4 16. exd4 $1 Ne6 17. Bd3 h6 18. Ne4 Bxd4 19. Bxd4 Nxd4 20. Qc5 Qxc5 21. Nxc5 Rd8 22. Bc4 Be6 23. Nxe6 fxe6 24. Rfe1 Kf7 25. Re5 g5 26. Rf1 Kf6 $1 {[%cal Rf6e5]} 27. Ra5 Rb7 28. f4 {Strongly threatening fxg5+.} g4 29. Re1 $36 {[%mdl 2048] White has good play.} Rd6 30. Ree5 Nb5 ({Black should try} 30... Rbd7 $14) 31. Be2 ({Much worse is} 31. Bxb5 $6 cxb5 32. Raxb5 Rxb5 $11) 31... Rg7 32. Rh5 Rd2 (32... Rg6 $16 {might work better.} 33. Bxb5 cxb5 34. Rxa7 (34. Rhxb5 Rd1+ 35. Kf2 Rd2+ 36. Ke3 Rxg2 $16) 34... Rd1+ 35. Kf2 Rd2+ 36. Kf1 g3) 33. Rxh6+ $18 Kf5 34. Bxb5 cxb5 35. Rxb5+ Kxf4 $2 {[%mdl 4096] Endgame KRR-KRR} (35... Rd5 {is tougher.}) 36. Rf6+ {White is clearly winning.} Ke3 37. Rxe6+ Kd3 {[#] And now ...Rd1+ would win.} 38. Rd6+ Kc2 39. Rxd2+ Kxd2 {KR-KR} 40. Kf2 g3+ 41. hxg3 Rf7+ 42. Kg1 Rg7 43. Ra5 Ke3 44. Ra4 Rc7 (44... Rxg3 $142 45. Rxa7 Rg4) 45. g4 Rg7 {[#]} 46. g5 $1 Ke2 (46... Rxg5 $142 47. Rxa7 Rb5) 47. Rg4 Ke3 48. g6 Ke2 49. Kh2 {Accuracy: White = 64%, Black = 39%.} 1-0